000 00754na a2200217 4500
001 14573
003 MIRAKIL
005 20181213154854.0
008 160829b tu 000 0
035 _a14573
040 _aMilas
_btur
_cTR-AnCHP
082 _a956.101543
_bB55b 2007
090 _a956.101543 B55b 2007
111 _a1915 Olaylarının Ardındaki Gerçekler ve Bugüne Yansımaları
_cAnkara
_d2007
245 _a1915 olaylarının ardındaki gerçekler ve bugüne yansımaları
_cYayına Hazırlayan Ahmet Zeki Bulunç
260 _a[Ankara]
_bBaşkent Üniversitesi Stratejik Araştırmalar Merkezi
_c2007
300 _a57 s.
_bhrt.
_c24 sm.
650 _aErmeni Sorunu
_xToplantılar
700 _aBulunç, Ahmet Zeki
942 _2ddc
_cBKS
999 _c2349
_d2349